000 01031nam a2200265 a 4500
005 20090706154759.0
008 010625s2001 ii b 000 0 eng
010 _aENG-94327
020 _c495.00
_a9788170493310
035 _aEN-77860
037 _bDBAD / PUB
040 _adpl
_bEnglish
082 _a954.51
100 _aMaheshwari, A.P.
245 _aThe folds of insurgency /
_cby A.P. Maheshwari; foreword by Prakash Singh
260 _aNew Delhi
_bManas Publications
_c2008
270 _a4402/5A, Main Ansari Road, (Opp. HDFC Bank) Daryaganj
_bNew Delhi
_e110002
300 _a275p.
_c23cm(Hb)
500 _aIncludes index
650 _aInsurgency
_zIndia
_zAssam
650 _aUnited Libration Front of Assam
_xHistory
651 _aIndia, Northeastern
_xPolitics and government
942 _2ddc
_cEN
_mMAH
_h954.51
999 _c28080
_d28080